000 00635nam a2200205Ia 4500
003 GCL
008 140319s9999 xx 000 0 ara d
040 _aGCL /
_cGCL
082 0 4 _a301.35
_bت ت
100 1 _aمحجوب عمر
245 1 0 _aالتنمية الريفية: وضع الاواخر اوائل /
_cمحجوب عمر
700 1 _aتشامبرز روبرت
260 _a[S.N] :
_bميدتو للتنمية والرعاية الصحية ،
_c1990
300 _a256 ص
490 _a
650 0 4 _aالتنمية الريفية
650 0 4 _aالاحوال الريفية
650 0 4 _aالقرى
942 _2ddc
_cBK
999 _c54830
_d54830